000 00452nam a2200193Ia 4500
005 20250425161329.0
008 250425s9999 xx 000 0 und d
020 _a0135483395
041 _aeng
082 _a658.5
100 _aNUNNALLY, S. W.
245 0 _aMANAGING CONSTRUCTION EQUIPMENT
250 _a1ST ED.
260 _aENGLEWOOD
260 _aEstados Unidos
_bPRENTICE HALL
_c1977
300 _a281
942 _c01
010 _a17906
999 _c207074
_d207074